| 000 | 00435nam a22001697a 4500 | ||
|---|---|---|---|
| 003 | NUST - PNEC | ||
| 005 | 20170116181101.0 | ||
| 008 | 151002b xxu||||| |||| 00| 0 eng d | ||
| 020 | _a195613228 | ||
| 040 | _cLIBRARY | ||
| 082 | _a954 NEH | ||
| 100 |
_912376 _aNehru, Jawarhalal |
||
| 245 |
_aThe discovery of India _cJawarhalal nehru |
||
| 260 | _cc.1994 | ||
| 650 |
_912379 _aDiscovery of India _xGeneral books |
||
| 942 |
_2ddc _cBK |
||
| 999 |
_c68756 _d68756 |
||